Movies Quiz

Random Movies or Disney Quiz

Find all of the Disney Orphans Quiz Stats

 Plays Quiz not verified by Sporcle

Score 0/22 Timer 10:00
0 Plays Today
% Correct
Snow White
29.1%
Anna
24.6%
Mowgli
21.7%
Elsa
17.7%
Cinderella
15.8%
Aladdin
12.3%
Peter Pan
12.3%
Quasimodo
11.8%
Penny
10.8%
Nani
9.9%
Hiro
9.4%
% Correct
Tod
8.9%
Koda
8.9%
Tadashi
8.9%
Arthur
8.4%
Lilo
8.4%
Taran
8.4%
Milo
7.9%
Kida
6.4%
Tarzan
6.4%
Lewis
5.4%
Flynn Rider
4.9%

You're not logged in!

Compare scores with friends on all Sporcle quizzes.
OR
Log In

Sporcle TV

Today on Sporcle TV


Watch our educational content, quiz creation guides, and fun videos on Sporcle TV.

Show Comments

Extras

Top Quizzes Today


Score Distribution

Your Account Isn't Verified!

In order to create a playlist on Sporcle, you need to verify the email address you used during registration. Go to your Sporcle Settings to finish the process.

Report this User

Report this user for behavior that violates our Community Guidelines.

Details: